000 00236nam a2200097Ia 4500
001 702587
005 20250826162335.0
008 250824s9999 xx 000 0 und d
245 0 _aİMPARATOR ÇAY BAHÇESİ
_cNAZLI ERAY
260 _bEVEREST
999 _c702587
_d702587